| 000 | 00821cam a2200229u 4500 | ||
|---|---|---|---|
| 999 |
_c65350 _d65350 |
||
| 001 | 7403586 | ||
| 003 | ARRUPE | ||
| 005 | 20170926122538.0 | ||
| 008 | 821229s1944 wiuab 000 0 eng | ||
| 010 | _a 45035839 | ||
| 040 |
_aDLC _cCarP _dDLC |
||
| 050 | 0 | 0 |
_aGN24 _b.B6 1944 |
| 100 | 1 |
_aBoas, Franz, _d1858-1942, _eed. _936248 |
|
| 245 | 1 | 0 | _aGeneral anthropology, |
| 260 |
_a[Madison, Wis.] _bPub. for the United States Armed forces institute by D. C. Heath and company _c[1944] |
||
| 300 |
_axi, 718 p. _billus. (incl. map) diagrs. _c21 cm. |
||
| 650 | 0 |
_aAnthropology. _936249 |
|
| 650 | 0 |
_aAnthropology _xStudy and teaching. _936250 |
|
| 700 | 1 |
_aBenedict, Ruth, _d1887-1948. _936251 |
|
| 710 | 2 |
_aUnited States Armed Forces Institute. _936252 |
|
| 906 |
_a0 _bcbc _cpremunv _du _encip _f19 _gy-gencatlg |
||
| 942 |
_2lcc _cMONOGRAPH |
||